Osamotenie

Bibliographic Details
Main Author: Bližniak, Marián, 1945- (Author)
Format: Book
Language:Slovak
PhysicalDescription:165 s. 18 cm
Published: Bratislava Proximea 1997
ISBN:8096770500
Subjects:

MARC

LEADER 00000cam a2200000 a 4500
001 vtls001291129
003 SK-MaSNL
005 20260301004603.0
008 240702s1997 xo gr 000 f slo
015 |a SNBA1997/1002845 
020 |a 8096770500 
035 |a SNK000242793 
035 |a urn:nbn:sk:snk-amjc2c 
035 |a urn:nbn:sk:snk-am003p30 
035 |a 1AA80411-1244-4801-B7AE-1C245EDCC1CC 
040 |a SNK  |b slo  |c SNK  |e AACR2 
041 0 |a slo 
044 |a xo  |c SK 
072 7 |a 821.162.4-3  |x Slovenská próza  |2 konspekt 
080 |a 885.4-3  |2 1981 
080 |a 821.162.4-32  |2 2011 
080 |a 821-321.1  |2 2011 
100 1 |a Bližniak, Marián,  |d 1945-  |4 aut  |9 238605 
245 1 0 |a Osamotenie  |c Marián Bližniak 
260 |a Bratislava  |b Proximea  |c 1997 
300 |a 165 s.  |c 18 cm 
655 7 |a slovenské poviedky  |2 SNKPH  |9 70226 
655 7 |a psychologické poviedky  |2 SNKPH  |9 87834 
852 |a Slovenská národná knižnica 
919 |a 80-967705-0-0 
954 |a beletria pôvodná (slovenská)  |2 lita 
958 |a LX 
999 |c 542552  |d 544482 
952 |t P60, <09>, [BOOK], {629}  |a SNK  |b SNK  |y NEVYP  |7 0  |o snkD 406  |i snk2938/970624  |0 0  |1 0  |4 0  |d 1997-06-23  |l 0  |r 2005-01-02 00:00:00  |w 2026-02-23 
952 |t P60, <03>, [BOOK], {603}  |a SNK  |b SNK  |y PREZ  |7 0  |p 17A0076270  |o snkSD 68711  |i snkKSP 6555/97  |0 0  |1 0  |4 0  |d 1997-06-23  |l 0  |r 2005-01-02 00:00:00  |w 2026-02-23 
952 |t P60, <04>, [BOOK], {604}  |a SNK  |b SNK  |y VYP  |7 0  |p 17A0075979  |o snkSD 68711 D1  |i snkKSP 6987/97  |0 0  |1 0  |4 0  |d 1997-07-02  |f 1  |l 0  |r 2005-01-02 00:00:00  |w 2026-02-23